| 000 | 00546nam a2200181 i 4500 | ||
|---|---|---|---|
| 001 | 35814 | ||
| 003 | ES-MaACL | ||
| 005 | 20230906155224.0 | ||
| 007 | t| | ||
| 008 | 030214s1905 fr ||||1| fre d | ||
| 100 | 1 |
_aBoulenger, M. _930914 |
|
| 245 | 1 | 0 |
_aHygiene scolaire _b: la lutte contre la degeneration en Angleterre / _cpar M. Boulenger et N. Eusch. |
| 260 |
_a[S.l.] : _bMalines L. et A. Godenne, _c1905. |
||
| 300 |
_a97 p. ; _c19 cm. |
||
| 650 | 4 |
_aHigiene escolar. _9147625 |
|
| 700 | 1 |
_aEusch, N. _948336 |
|
| 852 |
_aES-MaACL _jF-2552 |
||
| 999 |
_c35814 _d35814 |
||